000 00601nam a2200229Ia 4500
003 OSt
005 20230524154050.0
008 210423s2012 xx 000 0 und d
020 _a978-81-8404-582-6
040 _cAL
041 _aeng
082 _a519.5 GRIH
_223
100 _aGRIFFITHS (Dawn).
_9112853
245 _aHead first statistics.
260 _aNew Delhi
_bShroff Publishers & Distributors
_c2012
300 _axxxviii,677
_bPB
365 _b675
_cINR
650 _aMathematics
_9112854
650 _aStatistics
_9112855
906 _afirst ; Head ; statistics.
942 _2ddc
_cBK
999 _c165462
_d165462